000 00423nam a22001337a 4500
020 _a8130907887
082 _a302.23
100 _aT.J.S.George
245 _aLessons in journalism the story of Pothan Joseph
260 _aNew Delhi
_bViva Books
_c2007
300 _a263p
942 _cBK
999 _c3556
_d3556